Statistiques concernant 4 à la suite - Les William célèbres.

Cliquez ici pour prendre le quiz!

Statistiques générales

  • Ce quiz a été pris 79 fois
  • Le résultat moyen est 3 sur 12

Statistiques - réponses

Réponse% Correct
William Shakespeare
99%
William Leymergie
48%
William Eward Boeing
42%
William Turner
37%
William Wallace
32%
William Servat
24%
William Bouguereau
8%
William Herschel
7%
William Henry
4%
William Harvey
3%
William Beaumont
1%
William Wegman
1%

Distribution des résultats

Percentile par nombre de réponses

% des personnes avec chaque résultat

Votre développement - résultats

Vous n’avez pas pris ce quiz